| 000 | 00646nam a2200229Ia 4500 | ||
|---|---|---|---|
| 005 | 20241129110938.0 | ||
| 008 | 241129s9999||||xx |||||||||||||| ||und|| | ||
| 020 | _a9781350183599 | ||
| 037 | _aTB | ||
| 040 |
_aCRL _beng _cCRL |
||
| 041 |
_aeng _2eng |
||
| 084 |
_aV61.N N6 _qCRL |
||
| 100 |
_aBeachey R. W. Au. _9722895 |
||
| 245 | 0 |
_aHistory of the east Africa 1592-1902 _cBeachey R. W. Au. |
|
| 260 |
_aLondon, UK _bBloomsbury _c2021 |
||
| 300 | _axxxi,464p. | ||
| 365 |
_aUKP _b28.99 |
||
| 490 | _aInternational library of African studies | ||
| 650 | _a Africa History | ||
| 942 |
_cTB _hV61.N N6 |
||
| 999 |
_c1228220 _d1228220 |
||